[Event "Regensburg op"]
[Site "Regensburg"]
[Date "1998.??.??"]
[Round "3"]
[White "Wells, Peter K"]
[Black "Peschel, Andreas"]
[Result "1-0"]
[WhiteElo "2530"]
[BlackElo "2145"]

1.d4 d5 2.c4 c6 3.Nc3 Nf6 4.e3 e6 5.Nf3 Nbd7 6.Bd3 dxc4 7.Bxc4 b5 8.Bd3 a6
9.e4 c5 10.e5 cxd4 11.Nxb5 axb5 12.exf6 gxf6 13.O-O Qb6 14.Qe2 b4 15.Rd1 Bb7
16.Nxd4 Rg8 17.Nf3 Ne5 18.Be4 Rg4 19.Nxe5 Rxe4 20.Qd3 Bd5 21.Nd7 Qd8 22.Nxf8 Kxf8
23.Be3 Kg7 24.f3 Rc4 25.b3 Rcc8 26.Qd4 Qe7 27.Rac1 Rab8 28.Rxc8 Rxc8 29.Qg4+ Kh8
30.Rxd5 Rg8 31.Qe4  1-0

[Event "Regensburg op"]
[Site "Regensburg"]
[Date "1998.??.??"]
[Round "4"]
[White "Nenashev, Alexander"]
[Black "Klimpel, Thomas"]
[Result "1-0"]
[WhiteElo "2625"]
[BlackElo "2155"]

1.d4 d5 2.c4 c6 3.Nf3 Nf6 4.Nc3 e6 5.e3 Nbd7 6.Bd3 Bd6 7.e4 dxe4 8.Nxe4 Nxe4
9.Bxe4 h6 10.O-O Nf6 11.Bc2 O-O 12.Bd2 Re8 13.Re1 c5 14.dxc5 Bxc5 15.b4 Be7
16.Ne5 Nd7 17.Nxf7 Kxf7 18.Qh5+ Kg8 19.Bxh6 Bf6 20.Bg6 gxh6 21.Bxe8 Bg7 22.Qf7+ Kh8
23.Rad1  1-0

[Event "Rhein an Main op"]
[Site "Rhein"]
[Date "1998.??.??"]
[Round "5"]
[White "Kuenitz, Klaus"]
[Black "Wornath, Kai"]
[Result "0-1"]
[WhiteElo "2125"]
[BlackElo "2260"]

1.Nf3 d5 2.d4 Nf6 3.c4 c6 4.Nc3 e6 5.e3 Bd6 6.Qc2 O-O 7.e4 dxe4 8.Nxe4 Nxe4
9.Qxe4 Nd7 10.Qc2 e5 11.Bd3 h6 12.O-O exd4 13.Nxd4 Nc5 14.Bh7+ Kh8 15.Nf5 g6
16.Nxd6 Qxd6 17.Bxh6 Kxh7 18.Rad1 Qe7 19.Bxf8 Qxf8 20.Rd4 Bf5 21.Rh4+ Kg8
22.Qd2 Rd8 23.Qg5 Ne6 24.Qf6 Qg7 25.Qe7 g5 26.Rh3 Bxh3 27.gxh3 Qxb2 28.h4 Qd4
29.hxg5 Qg4+ 30.Kh1 Rd1  0-1

[Event "Sao Paulo State-ch2"]
[Site "Rio Claro"]
[Date "1998.??.??"]
[Round "?"]
[White "De Souza Haro, Paulo Cezar"]
[Black "Bussmann, Henrique"]
[Result "1-0"]
[WhiteElo "2315"]
[BlackElo "2040"]

1.d4 d5 2.c4 e6 3.Nf3 c6 4.Nc3 Nf6 5.e3 Bd6 6.Bd3 O-O 7.e4 dxc4 8.Bxc4 Bb4
9.Qe2 c5 10.dxc5 Nc6 11.e5 Nd4 12.Nxd4 Qxd4 13.O-O Nd7 14.Re1 Qxc5 15.Bf4 Nb6
16.Bd3 Bxc3 17.bxc3 Nd5 18.Bd2 f5 19.exf6 Rxf6 20.Rad1 Bd7 21.c4 Raf8 22.cxd5 exd5
23.Rf1 Bg4 24.Qxg4 Rxf2 25.Rxf2  1-0

[Event "Sao Paulo State-ch2"]
[Site "Rio Claro"]
[Date "1998.??.??"]
[Round "?"]
[White "Leal, Paulo"]
[Black "Matsuura, Everaldo"]
[Result "0-1"]
[WhiteElo "2085"]
[BlackElo "2405"]

1.d4 d5 2.c4 c6 3.Nc3 Nf6 4.e3 e6 5.Nf3 Nbd7 6.Bd3 dxc4 7.Bxc4 b5 8.Bd3 a6
9.O-O c5 10.a4 b4 11.Ne2 Bb7 12.Ng3 Be7 13.b3 O-O 14.Bb2 a5 15.Ne5 cxd4 16.Bxd4 Nxe5  0-1

[Event "Sao Paulo State-ch2"]
[Site "Rio Claro"]
[Date "1998.??.??"]
[Round "?"]
[White "Leitao, Rafael"]
[Black "Rodrigues, Adriano Pfuhl"]
[Result "1-0"]
[WhiteElo "2515"]
[BlackElo "2310"]

1.d4 Nf6 2.c4 e6 3.Nf3 d5 4.Nc3 c6 5.e3 Nbd7 6.Qc2 Bd6 7.b3 O-O 8.Be2 Re8
9.O-O dxc4 10.bxc4 e5 11.Rb1 exd4 12.exd4 Nf8 13.Rd1 Qe7 14.h3 Ng6 15.Be3 Bf4
16.Bxf4 Nxf4 17.Bf1 Qc7 18.Rb2 b6 19.Qb1 Ng6 20.a4 Qf4 21.Qc1 Qxc1 22.Rxc1 Ba6
23.a5 Nd7 24.Ra1 Ne7 25.g3 Reb8 26.h4 h6 27.Nd2 f5 28.Rba2 b5 29.Re1 Kf7
30.cxb5 cxb5 31.Bg2 b4 32.Nd5 Nc6 33.Nc7  1-0

[Event "Rio de Janeiro"]
[Site "Rio de Janeiro"]
[Date "1998.??.??"]
[Round "2"]
[White "Barreras, Alberto"]
[Black "Teixeira, Ricardo da Silva"]
[Result "1-0"]
[WhiteElo "2335"]
[BlackElo "2360"]

1.d4 d5 2.c4 c6 3.Nf3 Nf6 4.e3 e6 5.Nc3 Nbd7 6.Bd3 dxc4 7.Bxc4 b5 8.Be2 a6
9.e4 b4 10.e5 bxc3 11.exf6 cxb2 12.fxg7 Bxg7 13.Bxb2 Qa5+ 14.Kf1 c5 15.Qc2 Rb8
16.Bc3 Qa3 17.Rd1 Bb7 18.Ba1 Bd5 19.dxc5 Bxa1 20.Rxa1 Rb2 21.Qc1 Nxc5 22.h4 Rg8
23.h5 Qb4 24.Rh4 Qb6 25.Rd4 Ke7 26.Qe3 Ne4 27.Rad1 Rxe2 28.Kxe2 Qb5+ 29.Ke1 Nf6
30.a4 Qa5+ 31.Kf1 Ng4 32.Qd3 Kf6  1-0

[Event "Rio de Janeiro"]
[Site "Rio de Janeiro"]
[Date "1998.??.??"]
[Round "6"]
[White "Lebredo, Gerardo"]
[Black "Teixeira, Ricardo da Silva"]
[Result "1/2-1/2"]
[WhiteElo "2330"]
[BlackElo "2360"]

1.d4 d5 2.c4 c6 3.Nc3 Nf6 4.e3 e6 5.Nf3 Nbd7 6.Qc2 Bd6 7.b3 O-O 8.Be2 Qe7
9.O-O dxc4 10.bxc4 e5 11.Bb2 Re8 12.Rae1 e4 13.Nd2 Nf8 14.f3 exf3 15.Bxf3 Ne6
16.Nde4 Nxe4 17.Nxe4 Bb4 18.Re2 Ba5 19.d5 cxd5 20.cxd5 Nf8 21.Nd2 Bd7 22.Nc4 Rac8
23.Qd3 Bb4 24.Ne5 Bd6 25.Nxd7 Nxd7 26.Bg4 Rc7 27.Bxd7 Rxd7 28.e4 Be5 29.Ba3 Qh4
30.g3 Qg4 31.Rf5 g6 32.Rf1 h5 33.Bc1 h4 34.Bf4 hxg3 35.hxg3 g5 36.Bxe5 Rxe5
37.Qc3 Rdxd5 38.Rh2 Rd1 39.Qxe5 Rxf1+ 40.Kxf1 Qd1+ 41.Kg2 Qe2+ 42.Kg1 Qe1+  1/2-1/2

[Event "BRA-ch"]
[Site "Rio de Janeiro"]
[Date "1998.??.??"]
[Round "9"]
[White "Leitao, Rafael"]
[Black "Matsuura, Everaldo"]
[Result "1/2-1/2"]
[WhiteElo "2515"]
[BlackElo "2405"]

1.d4 d5 2.c4 c6 3.Nf3 Nf6 4.Nc3 e6 5.e3 Nbd7 6.Qc2 Bd6 7.b3 O-O 8.Be2 a6
9.O-O e5 10.cxd5 cxd5 11.dxe5 Nxe5 12.Bb2 Be6 13.Rac1 Qe7 14.Rfd1 Rad8 15.Nxe5 Bxe5
16.Na4 Bd6 17.Qc3 d4 18.Rxd4 Be5 19.Qc5 Qxc5 20.Nxc5 Bxd4 21.Bxd4 Bd5 22.f3 Nd7
23.Nxd7 Rxd7 24.Bd3 Rdd8 25.Kf2 Rc8  1/2-1/2

[Event "SWE-ch qualB"]
[Site "Ronneby"]
[Date "1998.??.??"]
[Round "?"]
[White "Olsson, Krister"]
[Black "Wikstrom, Per"]
[Result "0-1"]
[WhiteElo "2320"]
[BlackElo "2195"]

1.d4 d5 2.c4 c6 3.Nc3 e6 4.e3 Nf6 5.Nf3 Nbd7 6.Be2 dxc4 7.a4 Bb4 8.Bxc4 O-O
9.O-O h6 10.Qd3 Qe7 11.e4 e5 12.Na2 Ba5 13.Bd2 Bxd2 14.Nxd2 Rd8 15.f4 Nc5
16.Qa3 Rxd4 17.fxe5 Rxd2 18.Rae1 Qxe5  0-1

[Event "Roskilde op"]
[Site "Roskilde"]
[Date "1998.??.??"]
[Round "3"]
[White "Henrichsen, Jens"]
[Black "Sylvan, Jacob"]
[Result "0-1"]
[WhiteElo "2085"]
[BlackElo "2290"]

1.d4 d5 2.c4 e6 3.Nf3 c6 4.Nc3 Nf6 5.e3 Nbd7 6.Bd3 dxc4 7.Bxc4 b5 8.Bd3 Bb7
9.O-O a6 10.e4 c5 11.d5 Qb6 12.dxe6 fxe6 13.a4 c4 14.Bc2 b4 15.a5 Qc7 16.e5 Nxe5
17.Nxe5 Qxe5 18.Re1 Qd6 19.Qxd6 Bxd6 20.Rxe6+ Kd7 21.Bf5 Kc7 22.Na4 Bc8 23.Nb6 Bxe6
24.Nxa8+ Rxa8 25.Bxe6 Re8 26.Bxc4 Re1+ 27.Bf1 Ne4 28.b3 Be5 29.Bf4 Rxf1+
30.Rxf1 Bxf4 31.Re1 Nc5 32.Re7+ Kc6 33.Rxg7 Nxb3 34.Rg4 Nd4  0-1

[Event "Roskilde op"]
[Site "Roskilde"]
[Date "1998.??.??"]
[Round "4"]
[White "Zagorskis, Darius"]
[Black "Sveshnikov, Evgeny"]
[Result "1-0"]
[WhiteElo "2515"]
[BlackElo "2595"]

1.d4 d5 2.c4 e6 3.Nf3 Nf6 4.Nc3 c6 5.e3 Nbd7 6.Bd3 dxc4 7.Bxc4 b5 8.Bd3 b4
9.Ne4 Nxe4 10.Bxe4 Qb6 11.Qa4 Bb7 12.Bd2 Nf6 13.Bd3 Be7 14.Ne5 O-O 15.Nc4 Qb5
16.Qa5 Ba6 17.Qxb5 Bxb5 18.Ne5 Bxd3 19.Nxd3 Rab8 20.Ke2 Ne4 21.Rhc1 Nxd2
22.Kxd2 Rb6 23.Rc4 Rc8 24.Rac1 f6 25.Kc2 a5 26.Nc5 Bxc5 27.Rxc5 Ra8 28.Kd3 Raa6
29.e4 Kf7 30.h4 Ke7 31.f4 Kd7 32.g4 Rb8 33.f5 Re8 34.fxe6+ Rxe6 35.Rh5 h6
36.Rcc5 g5 37.Rxh6 gxh4 38.Rxh4 Ra8 39.Rh7+ Kd6 40.Rh6 Rg8 41.Rxf6 Rxf6 42.e5+ Kd7
43.exf6 Rxg4 44.Rxa5 Rf4 45.Kc4 Kd6 46.Ra4 Rxf6 47.Rxb4 Rf1 48.Rb3 Ra1 49.a3 Ra2
50.Rb8 Kc7 51.Rb4 Kd6 52.Kb3 Ra1 53.a4 Kd5 54.Rc4 Kd6 55.Kb4 Rb1 56.b3 Rb2
57.Ka3 Rb1 58.Ka2 Rd1 59.a5 Kc7 60.b4 Kb7 61.Kb3 Rd2 62.Kc3 Ra2 63.Rc5 Ra3+
64.Kc4 Ra1 65.d5 Rc1+ 66.Kb3 Rb1+ 67.Kc3 cxd5 68.Rxd5 Rc1+ 69.Kd4 Ka6 70.Rd6+ Kb7
71.Rg6 Ka7 72.Kd5 Kb7 73.a6+ Ka7 74.Rc6 Rh1 75.Kc4 Rh5 76.b5 Rh1 77.Rc7+ Kb8
78.Re7 Rh4+ 79.Kd5 Rh8 80.b6 Rh5+ 81.Re5 Rh8 82.Kc5 Ka8 83.Kb5 Rb8 84.Rc5 Rd8
85.b7+ Ka7 86.Rc8 Rxc8 87.bxc8=B  1-0

[Event "Roskilde op"]
[Site "Roskilde"]
[Date "1998.??.??"]
[Round "4"]
[White "Van der Sterren, Paul"]
[Black "Grabliauskas, Virginijus"]
[Result "0-1"]
[WhiteElo "2550"]
[BlackElo "2465"]

1.d4 d5 2.c4 e6 3.Nc3 c6 4.e3 Nf6 5.Nf3 Nbd7 6.Bd3 dxc4 7.Bxc4 b5 8.Bd3 a6
9.e4 c5 10.d5 c4 11.Bc2 Qc7 12.O-O Bb7 13.dxe6 fxe6 14.Qe2 Bd6 15.Nd4 Nc5
16.f4 e5 17.Nf5 O-O 18.Rd1 Nd3 19.Nxd6 Qxd6 20.Bxd3 cxd3 21.Rxd3 Qc7 22.f5 b4
23.Nd5 Nxd5 24.exd5 Rad8 25.Be3 Rxd5 26.Rxd5 Bxd5 27.Rc1 Qf7 28.Bc5 Rc8 29.Qxe5 h6
30.Qf4 Bxg2 31.Kxg2 Qd5+ 32.Qf3 Qd2+  0-1

[Event "Roskilde op"]
[Site "Roskilde"]
[Date "1998.??.??"]
[Round "8"]
[White "Grabliauskas, Virginijus"]
[Black "Hector, Jonny"]
[Result "0-1"]
[WhiteElo "2465"]
[BlackElo "2505"]

1.d4 d5 2.c4 c6 3.Nc3 Nf6 4.e3 e6 5.Nf3 Nbd7 6.Bd3 dxc4 7.Bxc4 b5 8.Bd3 a6
9.e4 c5 10.d5 c4 11.Bc2 Qc7 12.O-O e5 13.Nh4 g6 14.Kh1 Nh5 15.Bg5 h6 16.Bd2 Bc5
17.b4 cxb3 18.Bxb3 Qd6 19.Rc1 Ba3 20.Rc2 Qe7 21.Nf3 Bd6 22.Be3 Kf8 23.a4 b4
24.Nb1 Nhf6 25.Qd3 Kg7 26.Nbd2 Ng4 27.Rfc1 Bb7 28.Ba2 Rhc8 29.Nb3 f5 30.Rxc8 Rxc8
31.Rxc8 Bxc8 32.exf5 e4 33.Qd4+ Ndf6 34.Nh4 Nxe3 35.Nxg6 Qd7 36.Qxe3 Qxf5
37.Nh4 Qg4 38.g3 Qd1+ 39.Kg2 Qxd5 40.Qd4 e3+ 41.Qxd5 Nxd5 42.Nd4 Nc3 43.fxe3 Nxa2
44.Nhf5+ Bxf5 45.Nxf5+ Kf6 46.Nxd6 Ke5 47.Nc4+ Ke4 48.g4 Nc3 49.h4 Nd5 50.g5 hxg5
51.hxg5 Kd3 52.Na5 Kxe3 53.Kg3 Kd3 54.g6 Ne7 55.g7 Nf5+ 56.Kf4 Nxg7 57.Ke5 Kc3
58.Kd5 b3 59.Nc4 a5 60.Kc5 Ne6+ 61.Kb5 Nd4+ 62.Kc5 b2 63.Na3 Nb3+  0-1

[Event "Saint Affrique op"]
[Site "Saint Affrique"]
[Date "1998.??.??"]
[Round "7"]
[White "Flear, Glenn C"]
[Black "Fressinet, Laurent"]
[Result "1-0"]
[WhiteElo "2445"]
[BlackElo "2450"]

1.d4 d5 2.c4 c6 3.Nc3 Nf6 4.e3 e6 5.Nf3 Nbd7 6.Qc2 Bd6 7.Bd2 O-O 8.O-O-O dxc4
9.e4 e5 10.Bxc4 b5 11.Bb3 Qc7 12.Kb1 a5 13.a4 b4 14.Ne2 Ba6 15.Rhe1 Ng4 16.Bg5 Nxf2
17.Rd2 h6 18.Be3 Ng4 19.Bg1 Ngf6 20.Ng3 exd4 21.Bxd4 Bxg3 22.hxg3 Rac8 23.e5 Nd5
24.e6 fxe6 25.Rxe6 Nb8 26.Rxh6  1-0

[Event "Saint Vincent op"]
[Site "Saint Vincent"]
[Date "1998.??.??"]
[Round "2"]
[White "Naumkin, Igor"]
[Black "Lacrosse, Marc"]
[Result "1/2-1/2"]
[WhiteElo "2435"]
[BlackElo "2280"]

1.d4 d5 2.c4 e6 3.Nc3 Nf6 4.Nf3 c6 5.e3 Nbd7 6.Qc2 Bd6 7.Bd3 O-O 8.O-O a6
9.e4 dxc4 10.Bxc4 e5 11.dxe5 Nxe5 12.Nxe5 Bxe5 13.h3 Re8 14.Bd3 Qe7 15.Bd2 Be6
16.f4 Bxc3 17.Bxc3 Bc4 18.Bxc4 Qc5+ 19.Rf2 Qxc4 20.Bxf6  1/2-1/2

[Event "ESP-chT"]
[Site "Salamanca"]
[Date "1998.??.??"]
[Round "5"]
[White "Kharitonov, Andrei Y"]
[Black "Rodriguez Vargas, Orestes"]
[Result "1/2-1/2"]
[WhiteElo "2570"]
[BlackElo "2460"]

1.d4 d5 2.c4 c6 3.e3 Nf6 4.Nc3 e6 5.Nf3 Nbd7 6.Bd3 Bd6 7.e4 dxe4 8.Nxe4 Nxe4
9.Bxe4 Qa5+ 10.Bd2 Bb4 11.O-O Bxd2 12.Nxd2 O-O 13.Re1 Rd8 14.Qc2 Nf6 15.Bf3 Qc7
16.Qc3 c5 17.dxc5 Qxc5 18.Nb3 Qc7 19.Na5 Rb8 20.Qe5 Rd7 21.b4 Qxe5 22.Rxe5 Kf8
23.Rb5 Rc7 24.Rd1 Nd7 25.Rh5 h6 26.a3 Ke7 27.c5 Nf6 28.Rh4 Bd7 29.Rc4 Bb5
30.Rcc1 b6 31.cxb6 Rxc1 32.Rxc1 axb6 33.Nc6+ Bxc6 34.Rxc6 Nd7 35.Rc7 Kd6
36.Rc6+ Ke7 37.Rc7 Kd6 38.Rc6+  1/2-1/2

[Event "Balazs mem op"]
[Site "Salgotarjan"]
[Date "1998.??.??"]
[Round "3"]
[White "Csiszar, Zoltan"]
[Black "Klein, Peter"]
[Result "1-0"]
[WhiteElo "2200"]
[BlackElo "2090"]

1.d4 Nf6 2.c4 e6 3.Nc3 d5 4.Nf3 c6 5.e3 Nbd7 6.Bd3 Qc7 7.O-O g6 8.b3 Bg7
9.Ba3 dxc4 10.bxc4 Qa5 11.Qb3 Bf8 12.Bxf8 Kxf8 13.Nd2 Kg7 14.f4 c5 15.d5 exd5
16.cxd5 Nxd5 17.Nxd5 Qxd2 18.Rf2 Qa5 19.f5 Ne5 20.Qb2 Re8 21.fxg6 hxg6 22.Bb5 Bf5
23.Bxe8 Rxe8 24.e4 Bxe4 25.Nf6  1-0

[Event "Salsomaggiore Terme op"]
[Site "Salsomaggiore Terme"]
[Date "1998.??.??"]
[Round "6"]
[White "Iotti, Pierluigi"]
[Black "Doric, Nenad"]
[Result "1/2-1/2"]
[WhiteElo "2325"]
[BlackElo "2230"]

1.d4 d5 2.c4 c6 3.Nf3 Nf6 4.Nc3 e6 5.e3 Nbd7 6.Qc2 Bd6 7.Be2 O-O 8.O-O Qe7
9.b3 Re8 10.Bb2 b6 11.e4 Nxe4 12.Nxe4 dxe4 13.Qxe4 Bb7 14.Bd3 f5 15.Qe2 c5
16.Rfe1 cxd4 17.Nxd4 Qh4 18.g3 Qh3 19.Qf1 Qh5 20.Rad1 Bb4 21.Re3 Bc5 22.Be2 Qg6
23.Qh3 Nf6 24.b4 f4 25.Rxe6 Bxb4 26.Bd3 Qh5 27.Qxh5 Nxh5 28.Bf1 fxg3 29.hxg3 Kf7
30.Rxe8 Rxe8 31.Bg2 Bxg2 32.Kxg2 Bc5 33.Rd2 Rd8 34.f3 Nf6 35.g4 g6 36.Bc3 h5
37.gxh5 gxh5 38.Kh3 a6 39.a4 Rd7 40.Kh4 Be7 41.Kh3 Bc5 42.Nb3 Rxd2 43.Nxd2 Kg6
44.a5 Nd7 45.Ne4 bxa5 46.Nxc5 Nxc5 47.Bxa5 Nd7 48.Bc3 Nb8 49.Kh4 Nc6 50.f4 Kf5
51.Bd2 Kg6 52.Bc3 Ne7 53.c5 Nf5+ 54.Kh3 Ne7 55.Kh4 Nc6 56.Bd2 Nd4 57.Bc3 Nc6  1/2-1/2

[Event "San Jose op"]
[Site "San Jose"]
[Date "1998.??.??"]
[Round "2"]
[White "Perales, S."]
[Black "Gutierrez Minguenza, Ruben"]
[Result "0-1"]
[WhiteElo "1705"]
[BlackElo "1905"]

1.c4 Nf6 2.Nc3 c6 3.e3 d5 4.d4 e6 5.Nf3 Bd6 6.Be2 O-O 7.O-O Nbd7 8.cxd5 exd5
9.Bd3 Re8 10.Re1 Nf8 11.Qc2 Bg4 12.Be2 Qc7 13.g3 Ne6 14.Qd1 Rad8 15.Rb1 Bf5
16.Ra1 h6 17.Bd2 Ne4 18.Nxe4 Bxe4 19.Rc1 Bxf3 20.Bxf3 Ng5 21.Bg2 Ne4 22.b4 Qe7
23.a3 Bb8 24.Qe2 Nd6 25.Bc3 Nc4 26.Bb2 b5 27.Qc2 Qd7 28.Ra1 Bd6 29.Qe2 Ra8
30.Bc3 Bc7 31.Qc2 a6 32.Bf1 Bd6 33.Bg2 Bc7 34.Bf1 Qd8 35.Bg2 a5 36.Reb1 axb4
37.axb4 Na3 38.Rxa3 Rxa3 39.Bb2 Ra6 40.Bc3 Qd7 41.Re1 Rea8 42.Bf1 Ra2 43.Qd3 Bd6
44.Rb1 Qe7 45.Bg2 R8a3 46.Rc1 Bxb4 47.Bxb4 Qxb4 48.Qf5 Ra1 49.Qc8+ Qf8 50.Qxc6 Qa8
51.Qc5 Rxc1+  0-1

[Event "San Jose op"]
[Site "San Jose"]
[Date "1998.??.??"]
[Round "2"]
[White "Gomez Luesia, Jesus"]
[Black "Sanz Lopez, R."]
[Result "1-0"]
[WhiteElo "2220"]
[BlackElo "1910"]

1.d4 d5 2.c4 e6 3.Nc3 c6 4.e3 Nf6 5.Nf3 Bd6 6.Bd3 Nbd7 7.O-O O-O 8.e4 dxe4
9.Nxe4 Nxe4 10.Bxe4 Nf6 11.Bc2 Qc7 12.Bg5 Ng4 13.h3 Nh2 14.c5 Nxf3+ 15.Qxf3 Be7
16.Bf4 Qd8 17.Rad1 Bg5 18.Qh5 h6 19.Bd6 Re8 20.Rd3 b6 21.Rg3 Bf6 22.Qxh6 g6
23.Rxg6+ fxg6 24.Qxg6+ Bg7 25.Qh7+ Kf7 26.Qh5+  1-0

[Event "San Jose op"]
[Site "San Jose"]
[Date "1998.??.??"]
[Round "6"]
[White "Gaston Cabello, Jorge Luis"]
[Black "Larios, E."]
[Result "1-0"]
[WhiteElo "1970"]
[BlackElo "1620"]

1.Nf3 e6 2.c4 d5 3.e3 Nf6 4.d4 c6 5.Nc3 Nbd7 6.Bd3 b6 7.cxd5 cxd5 8.Qa4 a6
9.O-O Be7 10.e4 Bb7 11.e5 Ne4 12.Bd2 Nxd2 13.Nxd2 g6 14.Nf3 b5 15.Qd1 f6
16.exf6 Bxf6 17.Re1 Kf7 18.Re3 Re8 19.Ne2 Nf8 20.Ne5+ Kg7 21.Nf4 Bxe5 22.Rxe5 Bc8
23.Qg4 Ra7 24.h4 Nd7 25.Rxe6 Nf6 26.Rxe8 Qxe8 27.Qg5 Qd7 28.Bxg6 Qg4 29.Qxg4 Bxg4
30.Bd3 Bd7 31.Re1 Kf7 32.Re5 Bc6 33.Bf5 Rc7 34.Be6+ Kf8 35.f3 Re7 36.Kf2 Bb7
37.Rf5 Kg7 38.Rg5+ Kf8 39.Nxd5 Bxd5 40.Bxd5 Rd7 41.Be4 Rxd4 42.Ke3 Rd7 43.Rc5 Kg7
44.Rc6 Ra7 45.Rb6 Nd7 46.Rb7 Rxb7 47.Bxb7 Nc5 48.Bc8 Kf6 49.Kd4  1-0

[Event "San Marino op"]
[Site "San Marino"]
[Date "1998.??.??"]
[Round "3"]
[White "Ortega, Lexy"]
[Black "Khenkin, Igor"]
[Result "1/2-1/2"]
[WhiteElo "2475"]
[BlackElo "2565"]

1.d4 d5 2.c4 c6 3.e3 Nf6 4.Nc3 e6 5.Nf3 Nbd7 6.Qc2 Bd6 7.Bd3 O-O 8.O-O dxc4
9.Bxc4 b5 10.Be2 Bb7 11.Rd1 Qc7 12.Bd2 a6 13.b4 a5 14.a3 axb4 15.axb4 Nd5
16.Nxd5 exd5 17.Rdc1 Rxa1 18.Rxa1 Nb6 19.Bd3 h6 20.e4 dxe4 21.Bxe4 Nd5 22.Bxd5 cxd5
23.Qxc7 Bxc7 24.Ne5 Ra8 25.Rxa8+ Bxa8 26.Nd3 g5 27.f4 f6 28.h3 Kg7 29.f5  1/2-1/2

[Event "San Marino op"]
[Site "San Marino"]
[Date "1998.??.??"]
[Round "7"]
[White "Ortega, Lexy"]
[Black "Slobodjan, Roman"]
[Result "1/2-1/2"]
[WhiteElo "2475"]
[BlackElo "2530"]

1.d4 d5 2.c4 c6 3.e3 Nf6 4.Nc3 e6 5.Nf3 Nbd7 6.Qc2 Bd6 7.Bd2 O-O 8.O-O-O c5
9.cxd5 exd5 10.Ng5 cxd4 11.exd4 Nb6 12.h4 h6 13.f3 Bd7 14.g4 Rc8 15.Kb1 Na4
16.Nh3 Nxc3+ 17.Bxc3 b5 18.Qd2 Kh8 19.Bd3 Qb6 20.Ba5 Qb8 21.a3 Ng8 22.Bb4 Bxb4
23.axb4 Qd6 24.Nf4 Ne7 25.h5 Nc6 26.Bxb5 Nxb4 27.Bxd7 Rc2 28.Qe1 Rb8 29.Bb5 Rcc8
30.Rc1 Rxc1+ 31.Qxc1 Rxb5 32.Qc8+ Kh7 33.Qf5+ Kg8 34.Qc8+ Kh7 35.Qf5+ Kg8  1/2-1/2

[Event "San Marino op"]
[Site "San Marino"]
[Date "1998.??.??"]
[Round "8"]
[White "Gabriel, Christian"]
[Black "Ortega, Lexy"]
[Result "0-1"]
[WhiteElo "2555"]
[BlackElo "2475"]

1.d4 d5 2.c4 c6 3.Nf3 e6 4.e3 Nf6 5.Nc3 Nbd7 6.Bd3 dxc4 7.Bxc4 b5 8.Bd3 a6
9.e4 c5 10.d5 Bb7 11.dxe6 fxe6 12.O-O Qc7 13.Bc2 Bd6 14.Ng5 Nf8 15.f4 O-O-O
16.Qe2 e5 17.a4 h6 18.Nf3 b4 19.fxe5 Bxe5 20.Nxe5 Qxe5 21.Bf4 Qh5 22.g4 Qe8
23.e5 bxc3 24.Bf5+ Rd7 25.Rad1 g6 26.e6 Rd5 27.Rxd5 Nxd5 28.Bg3 gxf5 29.Qe5 f4
30.Rxf4 Ng6  0-1

[Event "Santiago m g25/30"]
[Site "Santiago"]
[Date "1998.??.??"]
[Round "1"]
[White "Karpov, Anatoly"]
[Black "Morovic Fernandez, Ivan"]
[Result "1/2-1/2"]
[WhiteElo "2735"]
[BlackElo "2600"]

1.d4 d5 2.c4 c6 3.Nc3 e6 4.e3 Nf6 5.Nf3 Nbd7 6.Qc2 Bd6 7.Bd3 O-O 8.O-O dxc4
9.Bxc4 a6 10.Rd1 b5 11.Be2 Qc7 12.e4 e5 13.g3 Re8 14.a3 exd4 15.Nxd4 Bb7
16.Bf3 Be5 17.Nf5 g6 18.Nh6+ Kg7 19.Ng4 Nxg4 20.Bxg4 Nf6 21.Bf3 c5 22.Be3 c4
23.Nd5 Nxd5 24.exd5 Qd6 25.Bg2 Rac8 26.Bd4 Rcd8 27.Be3 Rc8 28.Rab1 Kg8 29.Bd4 Rcd8
30.Qc3 Qf6 31.Bxe5 Qxe5 32.Qd2 Qf6 33.Re1 Rxe1+ 34.Rxe1 Kg7 35.h4 h5 36.Rd1 Qe5
37.Qb4 Qd6 38.Qc3+ Qf6 39.Rd4 Re8 40.Kf1 Qe5 41.Bf3 Bc8 42.Kg2 Bd7 43.Qd2 Qe1
44.Qf4 Qe5 45.Qd2 Qe1 46.Qf4 Qe5  1/2-1/2

[Event "Santiago Esucomex op"]
[Site "Santiago"]
[Date "1998.??.??"]
[Round "7"]
[White "Llanos, Guillermo"]
[Black "Michel Yunis, Christian D"]
[Result "1-0"]
[WhiteElo "2370"]
[BlackElo "2295"]

1.d4 d5 2.c4 e6 3.Nc3 Nf6 4.Nf3 c6 5.e3 Nbd7 6.Qc2 Bd6 7.b3 O-O 8.Bb2 Qe7
9.Be2 Re8 10.O-O-O b6 11.Rhg1 dxc4 12.bxc4 e5 13.g4 Rd8 14.g5 Ne8 15.Ne4 exd4
16.Nxd4 Nb8 17.Nf6+  1-0

[Event "Sao Paulo State-ch3"]
[Site "Sao Caetano"]
[Date "1998.??.??"]
[Round "?"]
[White "Leitao, Rafael"]
[Black "Fernandez, Rodrigo Amaral"]
[Result "0-1"]
[WhiteElo "2515"]
[BlackElo "2275"]

1.d4 d5 2.c4 e6 3.Nc3 c6 4.e3 Nf6 5.Nf3 Nbd7 6.Bd3 Be7 7.O-O O-O 8.b3 b6
9.Bb2 Bb7 10.Qe2 Qc7 11.Rad1 Rad8 12.Ne5 Nxe5 13.dxe5 Nd7 14.f4 Nc5 15.Bb1 dxc4
16.bxc4 Ba6 17.a4 g6 18.g4 Rxd1 19.Rxd1 Rd8 20.Rd4 Rxd4 21.exd4 Nb3 22.Ne4 Qd7
23.Qd3 Na5 24.Ba3 Bxc4 25.Qe3 c5 26.f5 Qxa4 27.Qf3 Bd5 28.fxg6 Qxd4+ 29.Kf1 hxg6  0-1

[Event "Sao Paulo zt"]
[Site "Sao Paulo"]
[Date "1998.??.??"]
[Round "1"]
[White "Leitao, Rafael"]
[Black "Matsuura, Everaldo"]
[Result "1-0"]
[WhiteElo "2550"]
[BlackElo "2400"]

1.d4 d5 2.c4 c6 3.Nf3 Nf6 4.Nc3 e6 5.e3 Nbd7 6.Qc2 Bd6 7.Bd3 dxc4 8.Bxc4 O-O
9.O-O Qe7 10.a3 e5 11.h3 Bc7 12.Ba2 exd4 13.exd4 Nb6 14.Bg5 Qd6 15.Rae1 Nfd5
16.Bh4 Qg6 17.Qxg6 hxg6 18.Bxd5 Nxd5 19.Nxd5 cxd5 20.Bg3 Bxg3 21.fxg3 Be6
22.Ng5 Rac8 23.Nxe6 fxe6 24.Rxe6 Rxf1+ 25.Kxf1 Rc1+ 26.Re1 Rc4 27.Re7 b6
28.Rxa7 Rc1+ 29.Kf2 Rc2+ 30.Kf3 Rxb2 31.Rd7 Rb3+ 32.Kf4 Rxa3 33.Rxd5 Ra2
34.g4 Rxg2 35.Kg5 Kh7 36.Rb5 Rd2 37.Rb4 b5 38.Kf4 Kg8 39.Ke5 Re2+ 40.Kd6 Re3
41.Rxb5 Rxh3 42.g5 Rg3 43.Ke7 Rg4 44.Rb8+ Kh7 45.d5 Re4+ 46.Kd8 Re5 47.d6 Rxg5
48.Ke7 Rg1 49.Rb5 Re1+ 50.Kf7 Kh6 51.d7 Rd1 52.Ke6  1-0

[Event "ECI opJ 25th"]
[Site "Sas Van Gent"]
[Date "1998.??.??"]
[Round "9"]
[White "Ballo, Emanuel"]
[Black "Hartung, Jerry"]
[Result "1-0"]
[WhiteElo "2200"]
[BlackElo "2075"]

1.d4 d5 2.c4 e6 3.Nc3 c6 4.e3 Nf6 5.Nf3 Bd6 6.Qc2 Nbd7 7.Be2 dxc4 8.Bxc4 e5
9.O-O O-O 10.a4 exd4 11.exd4 Qc7 12.Bg5 h6 13.Bxh6 gxh6 14.Qg6+ Kh8 15.Qxh6+ Nh7
16.Ng5 Nf6 17.Nce4 Bxh2+ 18.Kh1  1-0

[Event "GER-ch U20"]
[Site "Schierke"]
[Date "1998.??.??"]
[Round "1"]
[White "Duppel, Matthias"]
[Black "Lipinsky, Fabian"]
[Result "1-0"]
[WhiteElo "2255"]
[BlackElo "2395"]

1.d4 d5 2.Nf3 Nf6 3.c4 c6 4.e3 e6 5.Nc3 Nbd7 6.Qc2 Bd6 7.Bd3 O-O 8.O-O dxc4
9.Bxc4 a6 10.Rd1 b5 11.Bd3 Bb7 12.a4 Qc7 13.h3 Rac8 14.Ne4 Nxe4 15.Bxe4 f5
16.Bd3 c5 17.dxc5 Bxf3 18.gxf3 Nxc5 19.axb5 Qe7 20.Bf1 axb5 21.Bd2 Qg5+ 22.Bg2 f4
23.b4 Na4 24.Qe4 Rf6 25.Kh1 Rc4 26.Qd3 Rg6 27.Rg1 Rc6 28.exf4 Bxf4 29.Bxf4 Qxf4
30.Qxb5 Rc8 31.Rxa4 h5 32.Qb7 Rc1 33.Ra8+ Kh7 34.Qe4 Qg5 35.f4 Rxg1+ 36.Kxg1 Qf6
37.Kh2  1-0

[Event "Staufer op 10th"]
[Site "Schwaebisch Gmuend"]
[Date "1998.??.??"]
[Round "7"]
[White "Berezovsky, Igor"]
[Black "Duppel, Matthias"]
[Result "1/2-1/2"]
[WhiteElo "2375"]
[BlackElo "2255"]

1.d4 d5 2.c4 c6 3.Nc3 Nf6 4.e3 e6 5.Nf3 Nbd7 6.Qc2 Bd6 7.Be2 O-O 8.O-O dxc4
9.Bxc4 e5 10.Bb3 Qe7 11.h3 h6 12.Nh4 Re8 13.Nf5 Qf8 14.Nxd6 Qxd6 15.dxe5 Qxe5
16.Qg6 Re7 17.Rd1 Nf8 18.Qc2 Bf5 19.Qe2 Rd7 20.Bd2 Bd3 21.Qf3 Ne6 22.Rac1 Nc5
23.Be1 Rad8 24.Bc2 Bxc2  1/2-1/2

[Event "Staufer op 10th"]
[Site "Schwaebisch Gmuend"]
[Date "1998.??.??"]
[Round "7"]
[White "Bagaturov, Giorgi"]
[Black "Kalinitschew, Sergey"]
[Result "1/2-1/2"]
[WhiteElo "2535"]
[BlackElo "2495"]

1.d4 d5 2.c4 c6 3.Nf3 Nf6 4.Nc3 e6 5.e3 Nbd7 6.Bd3 Bd6 7.e4 dxe4 8.Nxe4 Nxe4
9.Bxe4 Bb4+ 10.Bd2 Qa5 11.O-O Bxd2 12.Nxd2 O-O 13.Re1 f5 14.Bc2 e5 15.dxe5 Nxe5
16.Nf3 Nxf3+ 17.Qxf3 Bd7 18.a3 Rae8  1/2-1/2

[Event "Seefeld op 9th"]
[Site "Seefeld"]
[Date "1998.??.??"]
[Round "8"]
[White "Greifzu, Helmut"]
[Black "Marzluf, Dieter"]
[Result "1/2-1/2"]
[WhiteElo "1925"]
[BlackElo "1740"]

1.Nf3 e6 2.d4 d5 3.c4 c6 4.e3 Nf6 5.Nc3 Bd6 6.Qc2 Nbd7 7.Be2 O-O 8.b3 e5
9.cxd5 cxd5 10.dxe5 Nxe5 11.Bb2 Qe7 12.Nd4 Bb4 13.O-O Be6 14.a3 Ba5 15.b4 Bb6
16.Qd2 Rfd8 17.Rfc1 Rac8 18.Na4 Bc7 19.Nc5 Ne4 20.Qe1 Nxc5 21.bxc5 Nc4 22.Bxc4 dxc4
23.Nxe6 Qxe6 24.Qc3 Qh6 25.h3 b5 26.cxb6  1/2-1/2

[Event "RUS-chJ Girls"]
[Site "Sochi"]
[Date "1998.??.??"]
[Round "?"]
[White "Slavina, Irina"]
[Black "Koroljova, Valerija"]
[Result "1/2-1/2"]
[WhiteElo "2265"]
[BlackElo "2195"]

1.d4 d5 2.c4 e6 3.Nf3 Nf6 4.Nc3 c6 5.e3 Nbd7 6.Qc2 Bd6 7.b3 O-O 8.Be2 Re8
9.O-O dxc4 10.bxc4 e5 11.a4 a5 12.Ba3 Bb4 13.Bb2 e4 14.Nd2 Qe7 15.Rfd1 Nb6
16.Na2 Bxd2 17.Rxd2 Ng4 18.h3 Nh6 19.Nc3 Nf5 20.Ba3 Qe6 21.Qb3 Nd7 22.Bf1 Qg6
23.Ne2 Nh4 24.Kh1 Qh6 25.d5 Ne5 26.dxc6 bxc6 27.Nf4 Nd3 28.Nxd3 exd3 29.Qxd3  1/2-1/2